Normal view
MARC view
- Maudoodi, Syed Abul ʻAla
Entry Personal Name
001 - CONTROL NUMBER
- control field: 37516
003 - CONTROL NUMBER IDENTIFIER
- control field: NUST
005 - DATE AND TIME OF LATEST TRANSACTION
- control field: 20210314130311.0
008 - FIXED-LENGTH DATA ELEMENTS
- fixed length control field: 210314|| aca||aabn | a|a d
040 ## - CATALOGING SOURCE
- Original cataloging agency: NUST
- Transcribing agency: NUST
100 ## - HEADING--PERSONAL NAME
- Personal name: Maudoodi, Syed Abul ʻAla
670 ## - SOURCE DATA FOUND
- Source citation: Work cat.: (NUST): Maudoodi, Syed Abul ʻAla,, A short history of the revivalist movement in Islam,, 1963.
